[Event "EU-ch 12th"]
[Site "Aix les Bains"]
[Date "2011.03.30"]
[Round "8"]
[White "Polgar, Judit"]
[Black "Guseinov, Gadir"]
[Result "1-0"]
[WhiteElo "2686"]
[BlackElo "2584"]
[Annotator "Averbakh/Primel,D"]
[PlyCount "123"]
[EventDate "2011.03.22"]
[EventType "swiss"]
[EventRounds "11"]
[EventCountry "FRA"]
[SourceTitle "CBM 142 Extra"]
[Source "ChessBase"]
[SourceDate "2011.06.27"]
[SourceVersion "1"]
[SourceVersionDate "2011.06.27"]
[SourceQuality "1"]
[TimeControl "40/5400+30:1800+30"]

1. e4 c5 {Le nom de sicilien (il giuno siciliano) donné а ce début se trouve
déjà chez Greco, mais il n'est devenu d'usage courant que par le théoricien
anglais JH Sarratt (The works of Damiano, Ruy Lopez and Salvio, London 1813)}
2. Nf3 Nc6 3. d4 cxd4 4. Nxd4 g6 5. c4 Nf6 6. Nc3 Nxd4 7. Qxd4 d6 8. Be2 Bg7 9.
Bg5 (9. Be3 {L'alternative} O-O 10. Qd2 Be6 (10... Ng4 $6 11. Bxg4 (11. Bg5 h6
12. Bh4 (12. Bf4 Kh7 13. f3 Ne5 14. O-O Be6 15. Nd5 $14) 12... Be6 13. Rc1 Rc8
14. f3 Ne5 15. b3 f5) 11... Bxg4 12. Rc1 (12. Bd4) 12... Rc8) (10... a5) (10...
Bd7 11. O-O Bc6 12. f3 a5 13. b3 Nd7 14. Rab1 Nc5 15. Rfd1 (15. Rfc1 e6 16. Rd1
Be5 17. Bd4 Qe7 18. Bf1 $14)) 11. Rc1 Qa5 12. f3 (12. b3) 12... Rfc8 {[%cal
Ga5d8]} 13. b3 a6 14. Na4 (14. Nd5 Qxd2+ 15. Kxd2 Nxd5 16. cxd5 (16. exd5 $5
Bd7 17. a4 Bb2 18. Rc2 Ba3 {[%cal Ga3c5]}) 16... Bd7 17. Rxc8+ Rxc8 18. Rc1) (
14. Rc2 $5 {Donnant une position proche de la partie} b5 {Tal,M (2585)-Pigusov,
E (2545) GMA-qual f Moscow 1990 (8) 1/2}) 14... Qxd2+ 15. Kxd2 Nd7 16. g4 f5
17. exf5 (17. gxf5 gxf5 18. Rhg1 $14 {[%cal Ge3h6,Gg1g8]}) 17... gxf5 18. h3
Rf8 19. f4 {[%csl Ge5]} Rad8 (19... Nf6 {[%cal Gf6e4]}) 20. g5 Nc5 21. Nc3 Ne4+
(21... Bd7 22. Bf3) 22. Nxe4 fxe4 23. Bb6 {[%csl Rd8]} Rc8 24. Ke3 $14 {
Goloshchapov,A (2566)-Wirig,A (2408) EU-Cup 20th Izmir 2004 (4.1) 1-0}) (9. O-O
O-O 10. Qd3 Be6 11. Bd2 a6 12. b3 Nd7 13. Rac1 Ne5 14. Qe3 Nc6 15. Nd5 Nd4 16.
Bd3 Bd7 17. Bc3 e5 18. f4 Bc6 19. f5 {Rodriguez Cespedes,A (2530)-Antunes,A 
(2470) Malaga op 1991 (8) 1/2} (19. Qf2 $5 {[%cal Gf4e5,Gd6e5,Gc3b4] Rodriguez
Cespedes})) 9... O-O 10. Qd2 Be6 11. Rc1 {91} Qa5 {90} 12. f3 Rfc8 13. b3 {88}
a6 {[%csl Rb6] 83} 14. Rc2 $6 $146 {74 Un nouveau plan dans cette position
pourtant archi théorique et ce n'était peut-être pas une préparation maison
car les Blancs ont réfléchi un 1/4 d'heure avant de placer la nouveauté. Rc2
ne promet pourtant qu'un intérêt minime et on ne devrait pas trop le revoir
souvent а l'avenir.} (14. Nd5 $142 Qxd2+ 15. Kxd2 Nxd5 16. cxd5 Bd7 {C'est la
différence avec la partie, les Noirs n'ont pas le temps de prendre en c2 sur
échec} 17. Rxc8+ Rxc8 18. Rc1 $14 {1/2-1/2 Rublevsky,S (2595)-Khalifman,A 
(2655)/Novosibirsk 1995/CBM 050} (18. Bxe7 $2 Bh6+ 19. Ke1 {[%csl Re1,Rh1]}
Rc1+ 20. Bd1 Ra1 {Horvath,G (2405)-Groszpeter,A (2480) Zalaegerszeg 1991 (8)
1-0} (20... f5 {Leads to potential trouble only for White (Averbakh)}))) (14.
Na4 $142 {[%csl Rb6][%cal Ga4b6] La grande ligne qui mène а une finale
favorable pour les Blancs} Qxd2+ 15. Kxd2 Rc6 (15... Nd7 16. g4 f6 17. Be3) 16.
Nc3 Rac8 $6 {Après cette partie de référence, ce coup a été quasiment abandonné
} (16... Kf8 $142 {Vallejo Pons,F (2662)-Malakhov,V (2696) Selfoss Milk
Masters 2nd 2003 (6) 1/2}) 17. Nd5 Kf8 (17... Bxd5 18. exd5 $14 {[%csl Rc6]})
18. Be3 {[%csl Ge2,Ge3]} Nd7 19. h4 Bxd5 $6 (19... f5 $142 $5 20. Nf4 Bf7 {
Karpov}) 20. exd5 {[%csl Rc6]} R6c7 21. h5 $16 {Karpov,A (2700)-Kavalek,L 
(2625) Nice ol (Men) fin-A 1974 (7) 1-0}) 14... b5 {73} 15. Nd5 $1 {La
manoeuvre thématique dans cette structure} Qxd2+ 16. Kxd2 Nxd5 17. cxd5 (17.
exd5 $143 Bf5 18. Bd3 Bxd3 19. Kxd3 bxc4+ $1 20. bxc4 {[%csl Rc4]} Kf8 21. Re1
Rc7 $132) 17... Rxc2+ $1 {Le coup intermédiaire qui rend la nouveauté 14.Rc2
un peu douteuse} 18. Kxc2 Rc8+ 19. Kb1 (19. Kd3 f6 (19... Bd7) 20. Be3 Bd7 21.
Rc1 Rxc1 22. Bxc1 f5 $132) 19... f6 $132 20. Be3 $1 (20. Bxf6 $6 {Gagne un P
mais trés difficile а valoriser car les Blancs ne pourront plus jouer Rc1 pour
contester le contrôle de la colonne "c" car les Noirs pourraient rentrer dans
une finale de B de couleurs opposées.} Bxf6 21. dxe6 Rc3 $44 {[%csl Re2,Gf6,
Rh1]}) (20. Bd2 Bd7 21. Rc1) 20... Bd7 21. Rc1 {[%csl Re7] 47 Les Noirs ont
quasiment égalisé mais le P arriéré "e7" pose problème et il y a une
différence entre finale nulle et finale égale.} Rxc1+ {38} 22. Kxc1 Kf7 23. Kc2
f5 $1 24. Bd3 fxe4 25. Bxe4 (25. fxe4 $6 {[%csl Re4]}) 25... Be5 26. h3 (26. f4
$5) 26... Bf6 27. g4 Be8 28. Kd3 Bd7 29. Bd2 Bg7 30. Bg5 Bf6 31. Bh6 Bg7 {
Il est tentant d'échanger le bon B des Blancs mais c'est au risque de
décentraliser le K Noir et les Blancs vont avoir le temps de gagner de
l'espace а l'aile-roi par h4g5} 32. Bxg7 Kxg7 33. h4 h6 34. g5 $1 $16 {[%csl
Gf6,Rg6,Rg7] Le K Noir est maintenant mal placé} hxg5 35. hxg5 Kf7 $6 (35... b4
$142 36. Kc4 a5 {[%csl Ra2] Il n'est pas facile pour les Blancs de progresser.}
) 36. a3 $1 {13} a5 {03} 37. Kd4 Kg7 38. Bd3 $1 {[%csl Rb5]} Kf7 39. f4 Kg7 40.
Kc3 Kf7 41. b4 {[%csl Rb5] Fixant la faiblesse "b5"} a4 {[%csl Rd7]} 42. Kd4
Kg7 43. Ke3 $1 {[%cal Ge3f2,Gf2g3,Gd3e2,Ge2g4] Ramène le K а l'aile-roi pour
tenter d'échanger les B} Kf7 44. Kf3 Kg7 45. Kg3 Kf7 46. Be2 Kg7 47. Bg4 $36
Bf5 48. Be2 {Appliquant un vieux principe en finale "ne pas se presser"} Bd7
49. Bf1 {Recherchant le zugzwang} Kf7 50. Bd3 {[%csl Rg6]} Kg7 (50... Be8) 51.
Kh4 Be8 (51... Kf7) 52. Be2 Kf8 53. Bg4 {[%csl Re8]} Bf7 $2 {Une première
faute sérieuse} (53... Kg7) 54. Be6 $1 {Les Noirs sont en zugzwang!} Be8 55.
Kg4 {[%cal Gf4f5]} Kg7 56. Kf3 (56. f5 gxf5+ 57. Bxf5) 56... Kf8 57. Ke4 Kg7
58. Bc8 Kf7 59. Kd4 Kf8 60. Bb7 Bd7 61. Bc6 Ke8 62. f5 1-0

[Event "RUS-ch 54th"]
[Site "Elista"]
[Date "2001.05.02"]
[Round "3"]
[White "Dvoirys, Semen I"]
[Black "Inarkiev, Ernesto"]
[Result "1-0"]
[WhiteElo "2568"]
[BlackElo "2469"]
[Annotator "Bangiev,A"]
[PlyCount "79"]
[EventDate "2001.04.29"]
[EventType "swiss"]
[EventRounds "9"]
[EventCountry "RUS"]
[SourceTitle "CBM 083"]
[Source "ChessBase"]
[SourceDate "2001.07.05"]
[SourceVersion "1"]
[SourceVersionDate "2001.07.05"]
[SourceQuality "1"]

1. e4 c5 2. Nf3 Nc6 3. d4 cxd4 4. Nxd4 g6 5. c4 Nf6 6. Nc3 Nxd4 7. Qxd4 d6 8.
Be2 Bg7 9. Be3 O-O 10. Qd2 a5 11. O-O a4 12. Bd4 Be6 13. Qe3 Nd7 14. Bxg7 {
[%mdl 32]} Kxg7 15. Nd5 {Da der wichtige Verteidiger der schwarzen
Königsstellung schon entfernt ist, stellt dieser Abtausch ein klares Signal
für den weißen Angriff auf dem Königsflügel dar. Die Strategie des Anziehenden
besteht nun in der allmählichen Überführung der Schwerfiguren an den
Königsflügel.} Re8 (15... Bxd5 16. exd5) 16. Rad1 Bxd5 {Der lästige Springer
muss entfernt werden. Darauf soll man allerdings verzichten, da Schwarz läßt
damit seinen Königsflügel entgültig blockieren.} (16... Qa5 $5 17. Qd4+ Kg8 18.
f4 Rac8 $132) 17. exd5 $1 {Dies soll das Spiel in Richtung des Königsflügels
festlegen.} Qb6 18. Qc3+ Kg8 (18... Ne5 19. Kh1 Qa5 20. Qg3 $14) 19. Rd4 $1 {
Weiß muss den Vorstoß e5 verhindern und bereitet deswegen Druck auf der
d-Linie vor.} Qa5 (19... e5 20. dxe6 $1) 20. Qc1 {Der schwache Königsflügel
des Nachziehenden steht nun im Mittelpunkt der Partie.} Nf6 21. a3 $1 {Dies
legt den Bauern auf a4 fest, was die Chancen des Anziehenden im Endspiel
angesichts des weißfeldrigen Läufers verbessern sollte.} (21. Qh6 Qb6 $132)
21... Rec8 22. Qe3 Qb6 23. Rb1 Qd8 (23... Ra5 24. h4) 24. h4 {Die Öffnung der
h-Linie ist kaum zu verhindern.} Qf8 {Schwarz versucht damit die
Königsstellung zu schützen, verliert aber Zeit.} (24... Ra5 $5 {Das Gegenspiel
am Damenflügel ist die einzige Möglichkeit für Schwarz, die weißen Kräfte vom
Königsflügel ablenken zu können.} 25. h5 (25. Re1 Rac5 26. Qd2 (26. Bd1 $6 Rxc4
) 26... Nd7 27. Bd1 Nb6 $36) 25... Rac5 26. hxg6 hxg6 27. Rh4 Qf8 28. Re1 b5
29. cxb5 Nxd5 30. Qh3 Qg7 $132) 25. Re1 $1 Re8 (25... Ra5 26. Bf3 Rac5 27. Qxe7
Qxe7 28. Rxe7 Rxc4 29. Rxc4 Rxc4 30. Rxb7 Rxh4 31. Rb6 $16) 26. Qd2 Nd7 27. h5
Qg7 28. Bd1 Nc5 29. Re3 $1 {Die Ausgangsposition für einen Angriff am
Königsflügel ist damit perfekt.} (29. hxg6 hxg6 30. Re3 $5) 29... Rab8 30. Rh4
b6 (30... Qh6 $5 31. Qd4 Qg7) 31. Reh3 $18 b5 (31... g5 32. h6 $1) 32. cxb5
Rxb5 33. hxg6 hxg6 34. Qf4 $1 $18 {/\Rh6 gefolgt von Qh4 sowie /\Qh2} e5 35.
Qh2 Kf8 36. Rh7 Rxb2 (36... Qf6 37. Rf3) 37. Rxg7 Rb1 38. Rxf7+ Kxf7 39. Rh7+
Kg8 40. Qh6 $18 1-0

[Event "Podolsk"]
[Site "Podolsk"]
[Date "1993.??.??"]
[Round "?"]
[White "Dvoirys, Semen I"]
[Black "Tiviakov, Sergei"]
[Result "1-0"]
[WhiteElo "2590"]
[BlackElo "2635"]
[Annotator "Belov,I"]
[PlyCount "109"]
[EventDate "1993.10.??"]
[EventType "tourn"]
[EventRounds "9"]
[EventCountry "RUS"]
[EventCategory "14"]
[SourceTitle "CBM 038"]
[Source "ChessBase"]
[SourceDate "1994.02.01"]
[SourceVersion "1"]
[SourceVersionDate "1994.02.01"]
[SourceQuality "1"]

1. e4 c5 2. Nf3 Nc6 3. d4 cxd4 4. Nxd4 g6 5. c4 Nf6 6. Nc3 d6 7. Be2 Nxd4 8.
Qxd4 Bg7 9. Be3 O-O 10. Qd2 Be6 (10... a6 11. O-O Qa5 12. a3 Be6 13. b4 Qd8 14.
Rab1 {Yudasin,L-Antunes,A /Sevilla/1993 Inf 56/182/} Rc8 15. c5 $8 dxc5 16.
Qxd8 Rfxd8 17. bxc5 b5 $1 $13 {Yudasin/}) 11. Rc1 (11. f3 a6 $5 12. O-O (12. b3
$5) 12... Qa5 13. b4 $2 Qxb4 14. Rab1 Qa5 15. Bb6 Qe5 16. Rfc1 Rac8 17. f4 Nxe4
$1 18. Qe3 Qxc3 $1 $17 {Garma,E-Hernandez,Rom /Novi Sad/1990 Inf 50/192/})
11... a6 (11... Qa5 12. O-O (12. f3 Rfc8 13. b3 a6 14. Na4 Qxd2+ 15. Kxd2 Nd7
16. g4 f5 $5 17. gxf5 gxf5 18. Rhg1 Kh8 19. Nc3 fxe4 20. Nxe4 d5 21. Ng5 Bg8
22. cxd5 Bxd5 $10 {Lau,R-Polgar,Z /New York/1985 Inf 40/189/}) 12... Rfc8 13.
b3 a6 14. f4 b5 15. f5 Bd7 16. fxg6 hxg6 17. c5 $1 b4 18. Nd5 Nxd5 19. exd5
dxc5 20. Bc4 Rf8 $6 21. a4 $1 Qb6 22. Qf2 Rac8 23. d6 e6 24. Rcd1 Qc6 25. Qh4
f5 26. Rf3 $16 {Maki,V-Frois,A /Thessaloniki/1990/}) 12. f3 Qa5 13. Nd5 Qxd2+
14. Kxd2 Bxd5 15. cxd5 $14 {Adams/} Rfc8 16. b4 $1 $146 (16. g4 e6 $1 17. g5
Nh5 18. dxe6 fxe6 $13 {Adams,M-Hodgson,J //4Hastings1991 Inf 53/167/}) 16...
Nd7 17. a4 Kf8 18. a5 Bb2 (18... h5 19. h4 Ke8 20. g4 hxg4 21. fxg4 Ne5 22. h5
$16) 19. Rc2 $1 (19. Rb1 $6 Bc3+ 20. Kd1 $8 (20. Kd3 Ne5+) 20... Rc7 $13) 19...
Rxc2+ (19... Ba3 $2 20. Rb1) 20. Kxc2 Bf6 21. Kb3 Rc8 22. Rc1 Rxc1 23. Bxc1 $16
Bd4 24. f4 h5 (24... e6 $5) 25. h3 Ke8 26. Bd2 Kd8 (26... h4 $5 27. Bg4 Kd8 28.
Be1 Bf6 29. g3 hxg3 30. Bxg3 g5 $16) 27. Kc4 Bb2 28. Be3 Bf6 29. g4 hxg4 30.
Bxg4 $1 (30. hxg4 $14) 30... Kc7 31. Bf2 Bg7 32. Kd3 Bh6 33. Be3 Kd8 34. Bf3
Kc7 (34... Nf6 35. e5 Nh5 36. Bxh5 gxh5 37. Ke4 Ke8 $16) 35. h4 Nf6 $6 (35...
Kd8 36. h5 gxh5 37. Bxh5 Ke8 $1 $16) 36. e5 $1 Nh5 (36... Nd7 37. e6 fxe6 38.
dxe6 Nf8 39. Bd5 Bg7 40. Bd4 $18) 37. Bb6+ $1 Kd7 (37... Kc8 38. Bg4+ Kb8) (
37... Kb8 38. Bxh5 gxh5 39. Ke4 Kc8 40. e6) 38. e6+ Ke8 (38... fxe6 39. dxe6+
Kxe6 40. Bxb7 Nxf4+ 41. Kc4 $1 d5+ 42. Kb3 Kd6 43. Bxa6 e5 44. Bb7 $18) 39.
exf7+ Kxf7 40. Bg4 $1 Nxf4+ 41. Ke4 e6 (41... Ng2 42. Bc8 Nxh4 43. Bxb7 Nf5 44.
Bxa6 $18) 42. Be3 $1 Nxd5 (42... exd5+ 43. Kf3) 43. Bxh6 Nxb4 44. Bd2 Nc6 45.
Bc3 $18 d5+ (45... Ke7 46. Kf4 Kf7 47. Kg5) 46. Kf4 e5+ 47. Bxe5 Nxa5 48. Bc8
Nc6 49. Bc7 (49. Bxb7 $2 Nxe5 $10) 49... Nd4 50. Bb6 Ne6+ 51. Kg4 Nf8 52. Bxb7
Nd7 53. Bd4 $1 (53. Bxd5+ $2 Ke7 54. Bd4 Nf6+ 55. Bxf6+ Kxf6 $10) 53... Nf6+
54. Kg5 Ne4+ 55. Kh6 (55. Kh6 Nf6 56. Bxa6 Ne4 57. Bd3) 1-0

[Event "Olympiad-32"]
[Site "Yerevan"]
[Date "1996.09.23"]
[Round "7.1"]
[White "David, Alberto"]
[Black "Antunes, Antonio"]
[Result "1-0"]
[WhiteElo "2435"]
[BlackElo "2540"]
[Annotator "Belov,I"]
[PlyCount "75"]
[EventDate "1996.09.15"]
[EventType "team-swiss"]
[EventRounds "14"]
[EventCountry "ARM"]
[SourceTitle "CBM 055"]
[Source "ChessBase"]
[SourceDate "1996.12.01"]
[SourceVersion "1"]
[SourceVersionDate "1996.12.01"]
[SourceQuality "1"]
[WhiteTeam "Luxembourg"]
[BlackTeam "Portugal"]
[WhiteTeamCountry "LUX"]
[BlackTeamCountry "POR"]

1. e4 c5 2. Nf3 Nc6 3. d4 cxd4 4. Nxd4 g6 5. c4 Nf6 6. Nc3 d6 7. Be2 Nxd4 8.
Qxd4 Bg7 9. Be3 O-O 10. Qd2 Be6 11. O-O Qa5 (11... a6 12. Rfc1 Qa5 13. Rab1
Rfc8 14. b3 b5 15. b4 Qd8 16. cxb5 axb5 17. Bxb5 Ra3 18. Bf1 Rcxc3 19. Rxc3
Rxa2 20. Qc1 Nxe4 21. Ra3 Rxa3 22. Qxa3 $16 {Ivanchuk,V-Khalifman,A/Yalta 25'/
1995/1:0/42/}) 12. Rab1 $1 Rfc8 13. b3 a6 (13... Nd7 14. Rfc1 Qd8 15. Nd5 Nc5
16. Bf3 $5 a5 17. h4 Bxd5 18. exd5 $14 {Ivanchuk,V-Anand,V/Buenos Aires/1994/1:
0/35/}) 14. Rfc1 Qb4 (14... Nd7 15. f4 Rab8 16. b4 Qd8 17. Nd5 Nf6 18. Bf3 b6
19. Qf2 Nxd5 20. exd5 Bd7 $14 {Zarnicki,P-Spangeberg,H/ARG-ch/1995/0,5/40/}) (
14... Nd7 15. b4 Qd8 16. Nd5 Bxd5 17. Qxd5 Qc7 18. Qd1 a5 19. a3 axb4 20. axb4
b6 21. f4 $14 {Kudrin,S-Dzindzichashvili,R/USA-ch/1995/0,5/45/}) 15. a3 Qa5 (
15... Qxa3 16. Ra1 Qb4 (16... Qxb3 17. Rcb1 Nxe4 18. Rxb3 Nxd2 19. Bxd2 $16)
17. Ra4 Qxb3 18. Rb1 Nxe4 19. Rxb3 Nxd2 20. Bxd2 $16) 16. b4 Qxa3 $2 (16... Qd8
$142 17. c5 dxc5 18. Qxd8+ Rxd8 19. Bxc5 $14) 17. Ra1 Qxb4 18. Ra4 (18. Rcb1 $5
) 18... Nxe4 $8 19. Rxb4 Nxd2 20. Bxd2 $16 Rc7 21. Na4 Bd4 22. Bf3 Rb8 23. c5
$1 Bxc5 (23... dxc5 24. Rxd4 $18) 24. Nxc5 dxc5 (24... Rxc5 25. Rxc5 dxc5 26.
Rxb7 Rxb7 27. Bxb7 Bc4 28. Be3 a5 29. Bxc5 $18) 25. Rbb1 (25. Rb6 $16) 25... b5
(25... Rbc8 26. Bxb7 Rb8 27. Bxa6 $16) 26. Bf4 Rbc8 27. Bxc7 Rxc7 28. Ra1 $18
Bc8 29. Kf1 c4 30. Be2 $1 Rc5 31. Ke1 c3 32. Rab1 Be6 33. Bd3 g5 34. Kd1 h5 35.
Kc2 f5 36. Rb4 Kf7 37. Ra1 Bd5 (37... Rc6 38. Ra3 $18) 38. Rxa6 1-0

[Event "Bern op"]
[Site "Bern"]
[Date "1992.??.??"]
[Round "4"]
[White "Panchenko, Alexander N"]
[Black "Malisauskas, Vidmantas"]
[Result "1-0"]
[WhiteElo "2460"]
[BlackElo "2490"]
[Annotator "Blatny,P"]
[PlyCount "65"]
[EventDate "1992.02.??"]
[EventType "swiss"]
[EventRounds "9"]
[EventCountry "SUI"]
[SourceTitle "CBM 028"]
[Source "ChessBase"]
[SourceDate "1992.06.01"]
[SourceVersion "1"]
[SourceVersionDate "1992.06.01"]
[SourceQuality "1"]

1. Nf3 c5 2. c4 g6 3. d4 cxd4 4. Nxd4 Nc6 5. e4 Nf6 6. Nc3 d6 7. Be2 Nxd4 (7...
Bg7 8. Nc2) 8. Qxd4 Bg7 9. Be3 O-O {/^a1-h8} 10. Qd2 Be6 (10... Ng4 11. Bxg4
Bxg4 12. Bh6 {()}) 11. Rc1 Qa5 12. f3 (12. O-O) 12... Rfc8 13. b3 a6 {/\-><<
b5,<->c} 14. Nd5 {() _|_} Qxd2+ 15. Kxd2 Bxd5 16. cxd5 {<->c ^^} (16. exd5 b5
$5 {קd5}) 16... Nd7 {/\Bb2-a3 <->c} 17. b4 Kf8 (17... Bb2 18. Rxc8+ Rxc8 19.
Rb1 Bc3+ 20. Kd1 {/\Rc1+-}) 18. a4 Bb2 {<->c} 19. Rxc8+ Rxc8 20. Rb1 Bc3+ 21.
Kd1 Ke8 22. a5 $1 {פd7,><b6} Kd8 23. f4 {/^h3-c8} e6 24. dxe6 fxe6 25. Bf2 {
/^e1-h4-d8} Ke7 26. Rc1 {/\Be1} Kd8 27. e5 $1 g5 (27... dxe5 28. Bh4+ Ke8 29.
Be1 $18) (27... Bxb4 $4 28. Bh4+ $18) (27... Nf8 28. Bb6+ (28. exd6 $2 Bxb4 29.
Bb6+ Kd7) (28. Bf3 d5 (28... Bxb4 29. Bb6+ Kd7 30. Bxb7 Rxc1+ 31. Kxc1 dxe5 32.
fxe5 Bc3 (32... Ke7 33. Bxa6 Nd7 34. Bc7 $8 Bc3 (34... Nc5 35. Bd6+ {/\Bc4+-})
35. Bb7 $18) 33. Bxa6 $18) 29. Bc5 Rxc5 $8 30. bxc5 Bxa5 $16) (28. Be1 $6 Bxe1
29. Rxc8+ Kxc8 30. Kxe1 dxe5 31. fxe5 Nd7 32. Bc4 Nxe5 33. Bxe6+ Kc7 $10) 28...
Kd7 29. b5 $1 $18) 28. fxg5 Bxb4 29. Rxc8+ Kxc8 30. Bd3 $18 Nxe5 (30... Nf8 31.
Bxh7 $1 Nxh7 32. g6 Bc3 33. g7 $1 $18) 31. Bxh7 Ng4 32. Bd4 e5 (32... Kd8 33.
h3 e5 34. Bg1 $18) 33. Bf5+ 1-0

[Event "Beersheba"]
[Site "Beersheba"]
[Date "1991.??.??"]
[Round "?"]
[White "Fishbein, Alexander"]
[Black "Alterman, Boris"]
[Result "0-1"]
[WhiteElo "2465"]
[BlackElo "2465"]
[Annotator "Blatny,P"]
[PlyCount "94"]
[EventDate "1991.07.??"]
[EventType "tourn"]
[EventRounds "10"]
[EventCountry "ISR"]
[EventCategory "11"]
[SourceTitle "CBM 025"]
[Source "ChessBase"]
[SourceDate "1991.12.01"]
[SourceVersion "1"]
[SourceVersionDate "1991.12.01"]
[SourceQuality "1"]

1. c4 c5 2. Nf3 Nc6 3. Nc3 Nf6 4. d4 cxd4 5. Nxd4 g6 6. e4 d6 7. Be2 Nxd4 8.
Qxd4 Bg7 9. Be3 (9. Bd2 O-O 10. Qe3 Nd7 11. h4 $1 $40 {Keres}) (9. O-O O-O 10.
Qd3 (10. Qe3 Be6 (10... Nd7 11. Bd2 Nc5 12. Rad1 Bd7 13. Be1 b6 14. f4 $40) 11.
Bd2 Qb6 12. b3 {+/=/=}) 10... Nd7 $1 (10... Be6 11. Be3 Nd7 12. Bd4 {/^a1-h8}
Ne5 13. Qd2 {/\b3,f4+/=} Nxc4 $4 14. Bxc4 Bxc4 15. Bxg7 $18) 11. Bd2 Nc5 $36)
9... O-O 10. Qd2 Be6 {/\Rc8 12.b3 b5} (10... Ng4 11. Bxg4 (11. Bd4 Bh6 $1 {Tal}
) 11... Bxg4 12. Bd4 Be6 13. Bxg7 Kxg7 14. O-O Kg8 15. b3 Qa5 16. f4 f6 17. Rf3
$36) 11. O-O $6 (11. Rc1 Qa5 (11... Rc8 12. b3 $14) 12. O-O (12. f3 Rfc8 13.
Nd5 Qxd2+ 14. Kxd2 Nxd5 15. cxd5 Bd7 16. Rc2 $10) (12. b3 a6 13. f3 Rfc8 14. a4
{+/=/=}) 12... a6 13. f4 b5 $132) 11... Qa5 12. Rac1 a6 13. f3 $6 Rfc8 14. Nd5
(14. b3 b5 15. cxb5 axb5 16. Nxb5 Rxc1 17. Qxc1 (17. Rxc1 Qxd2 18. Bxd2 Rxa2
19. Rd1 Bxb3 $19) 17... Qxa2 $17) 14... Qxd2 15. Bxd2 Nxd5 16. cxd5 (16. exd5
$142 $15) 16... Bd7 $6 (16... Bd4+ $142 17. Kh1 Bd7) 17. b3 $2 (17. Bc3 Bxc3
18. Rxc3 Rxc3 19. bxc3 Rc8 20. Rc1 Rc5 $15) 17... Bd4+ 18. Kh1 Bb2 $1 $17 {
<-> c} 19. Rc4 Bb5 20. Rxc8+ Rxc8 21. Bxb5 axb5 22. a4 $8 Rc2 23. Bh6 b4 24.
Be3 Re2 25. Bb6 Bc3 26. Kg1 Rb2 27. Rd1 f5 28. Bd4 Kf7 29. Bxc3 bxc3 30. Rc1
Rxb3 31. Kf2 Rb2+ 32. Kg3 c2 33. exf5 gxf5 34. f4 $6 Rb3+ 35. Kf2 Rc3 $19 {_|_}
36. Ke2 Rc5 37. Ke3 h5 38. g3 Ke8 39. h3 Kd7 40. Kf3 Rc3+ 41. Ke2 Rxg3 42. Rxc2
Rg2+ 43. Kd1 Rxc2 44. Kxc2 e5 45. dxe6+ Kxe6 46. Kc3 Kd5 47. Kb4 Ke4 0-1

[Event "Tan Chin Nam Cup 2nd"]
[Site "Beijing"]
[Date "1996.??.??"]
[Round "9"]
[White "Liang, Jinrong"]
[Black "Wang, Zili"]
[Result "1-0"]
[WhiteElo "2425"]
[BlackElo "2535"]
[Annotator "Boensch,U"]
[PlyCount "57"]
[EventDate "1996.08.??"]
[EventType "tourn"]
[EventRounds "9"]
[EventCountry "CHN"]
[EventCategory "10"]
[SourceTitle "CBM 055"]
[Source "ChessBase"]
[SourceDate "1996.12.01"]
[SourceVersion "1"]
[SourceVersionDate "1996.12.01"]
[SourceQuality "1"]

1. e4 c5 2. Nf3 d6 3. d4 cxd4 4. Nxd4 Nf6 5. f3 Nc6 6. c4 Nxd4 (6... Qb6 $1 {
Der energischste Versuch den weißen Aufbau zu bekaempfen.} 7. Nc2 g6 $1 (7...
e6 8. Nc3 Nb4 9. Nxb4 Qxb4 10. Be3 $1 Bd7 (10... Qxb2 $2 11. Nb5 Qb4+ 12. Kf2
$16) 11. Qd2 a6 12. Be2 Be7 13. O-O Rd8 14. Rfd1 Bc6 15. a3 Qa5 16. b4 $16 {
Priehoda,V-Hoelzl,F/Vienna op (04) ;EXP 53 1996/1-0 (43)}) 8. Nc3 Bg7 9. Rb1
Ng4 10. Qd2 Bh6 11. Qe2 Bxc1 12. Rxc1 Nge5 (12... Qxb2 $4 13. Qd2 Nge5 14. Rb1)
13. Qe3 $2 Qxb2 14. Nd5 O-O $19 {0-1 Bebcuk,E-Dragomarezkij,E/Moscow4 1991 (21)
}) (6... g6 7. Be3 Bg7 8. Qd2 Bd7 9. Nc3 Rc8 10. Be2 a6 11. Rc1 Ne5 12. b3 O-O
13. O-O $14 {0-1 Mariotti,S-Testa,A/Roma op (8) 1990 (35)}) 7. Qxd4 g6 (7... e6
8. Nc3 Be7 9. Be3 O-O 10. Be2 b6 11. Qd2 Bb7 12. O-O Qb8 13. Rfd1 Rd8 14. Rac1
$14 {Malakhov,V-Vaulin,A/St.Petersburg op (04) 1994/0-1 (42)}) 8. Nc3 Bg7 9.
Bg5 O-O 10. Qd2 Qa5 11. Be2 Be6 12. Rc1 Rfc8 13. b3 a6 14. Na4 Qd8 (14... Qxd2+
15. Kxd2 $14) 15. O-O Nd7 16. Kh1 Nc5 17. Nc3 (17. Nxc5 Rxc5 (17... dxc5 18.
Qxd8+ Rxd8 19. Bxe7 Rd2 20. Bd1 Rxa2 21. Bxc5 $14) 18. Be3 Rc6 19. f4 $14)
17... a5 18. Nd5 Bxd5 19. exd5 (19. cxd5 $6 Qd7 20. Rc2 b5 21. Rfc1 b4 22. Be3
Bc3 $15) 19... Bf6 20. Be3 {Nach} (20. Bxf6 exf6 {hat Weiß zwar praktisch
einen P mehr, er bleibt aber auf seinem schlechten B sitzen und kann alle
Angriffstraeume vergessen.}) 20... e6 $2 {Es ist nicht ratsam gegen das weiße
B-paar die Stellung zu öffnen...} 21. dxe6 Nxe6 22. Rcd1 Be7 23. f4 $16 Ng7 24.
Bg4 Rcb8 25. f5 Bf8 26. fxg6 hxg6 27. Rxf7 $3 {und wird prompt bestraft.} Kxf7
28. Qd5+ Ke8 29. Bg5 (29. Bg5 Qc7 30. Re1+ Be7 31. Qg8#) 1-0